Kabale University Library Catalogue

Novaks Textbook of Gynecology / (Record no. 1926)

MARC details
000 -LEADER
fixed length control field 00600nam a22001937a 4500
005 - DATE AND TIME OF LATEST TRANSACTION
control field 20201007115021.0
008 - FIXED-LENGTH DATA ELEMENTS--GENERAL INFORMATION
fixed length control field 201007b ||||| |||| 00| 0 eng d
040 ## - CATALOGING SOURCE
Transcribing agency KABLIB
082 ## - DEWEY DECIMAL CLASSIFICATION NUMBER
Edition number 23
Classification number 618.1
Item number NOV
100 ## - MAIN ENTRY--PERSONAL NAME
Personal name Novak,Edmund R
9 (RLIN) 5341
245 ## - TITLE STATEMENT
Title Novaks Textbook of Gynecology /
Statement of responsibility, etc. Edmund R.Novak ,Georgeanna Seegar Jones
250 ## - EDITION STATEMENT
Edition statement 6th ed.:
260 ## - PUBLICATION, DISTRIBUTION, ETC.
Place of publication, distribution, etc. Baltimore:
Name of publisher, distributor, etc. The Williams &Wilkins Company ,
Date of publication, distribution, etc. c1961.
300 ## - PHYSICAL DESCRIPTION
Extent x,842p.:ill.(B&W) ;
Dimensions 24cm.
500 ## - GENERAL NOTE
General note includes:index (p.819-842)
650 ## - SUBJECT ADDED ENTRY--TOPICAL TERM
Topical term or geographic name entry element Gynecology
9 (RLIN) 5342
700 ## - ADDED ENTRY--PERSONAL NAME
Personal name Jones,Georgeanna Seegar
9 (RLIN) 5343
942 ## - ADDED ENTRY ELEMENTS (KOHA)
Source of classification or shelving scheme Dewey Decimal Classification
Koha item type Book
Holdings
Withdrawn status Lost status Source of classification or shelving scheme Damaged status Not for loan Home library Current library Shelving location Date acquired Total Checkouts Full call number Barcode Date last seen Price effective from Koha item type
    Dewey Decimal Classification     Education Library Education Library Open Access Section 07.10.2020   618.1 NOV 6930 07.10.2020 07.10.2020 Book

Kabale University Library | Kabale University P.O Box 317, Kabale, Uganda
Tel : +256754017033, +256774661503 E-mail : library@kab.ac.ug